[Event "DEM U12w 2025"]
[Site "Willingen GER"]
[Date "2025.06.11"]
[Round "6"]
[White "Birkenheier, Larissa"]
[Black "Suryaprakash, Smrithi"]
[Result "0-1"]
[Termination "normal"]
[Board "7"]
[WhiteElo "1486"]
[BlackElo "1731"]
[WhiteClock "00:31:46"]
[BlackClock "01:05:49"]
[PlyCount "118"]
[WhiteFideId "34626379"]
[BlackFideId "34637826"]
[EventCountry "GER"]
[EventRounds "9"]
[EventType "swiss"]
[EventDate "2025.06.07"]

1. e4 {[%clk 01:30:56]} {[%emt 00:00:03]} c5 {[%clk 01:30:45]} {[%emt
00:00:16]} 2. Nf3 {[%clk 01:31:03]} {[%emt 00:00:23]} d6 {[%clk 01:31:11]}
{[%emt 00:00:05]} 3. Bb5+ {[%clk 01:30:49]} {[%emt 00:00:43]} Nd7 {[%clk
01:31:34]} {[%emt 00:00:08]} 4. O-O {[%clk 01:30:20]} {[%emt 00:00:59]} a6
{[%clk 01:31:34]} {[%emt 00:00:30]} 5. Bxd7+ {[%clk 01:30:01]} {[%emt
00:00:49]} Bxd7 {[%emt 00:00:09]} 6. a4 {[%clk 01:28:10]} {[%emt 00:02:19]} Nf6
{[%clk 01:32:08]} {[%emt 00:00:18]} 7. Nc3 {[%clk 01:25:48]} {[%emt 00:02:52]}
e6 {[%clk 01:30:05]} {[%emt 00:02:34]} 8. a5 {[%clk 01:19:09]} {[%emt
00:07:09]} Be7 {[%clk 01:27:03]} {[%emt 00:03:30]} 9. d3 {[%clk 01:17:31]}
{[%emt 00:02:09]} O-O {[%clk 01:24:03]} {[%emt 00:03:31]} 10. Re1 {[%clk
01:14:53]} {[%emt 00:03:07]} e5 {[%clk 01:18:42]} {[%emt 00:05:52]} 11. Nd2
{[%clk 01:05:53]} {[%emt 00:09:29]} Ne8 {[%clk 01:07:59]} {[%emt 00:11:15]} 12.
Nd5 {[%clk 00:54:23]} {[%emt 00:11:59]} Nc7 {[%clk 01:06:34]} {[%emt 00:01:54]}
13. Nb6 {[%clk 00:49:34]} {[%emt 00:05:19]} Rb8 {[%clk 01:06:20]} {[%emt
00:00:45]} 14. Nxd7 {[%clk 00:47:52]} {[%emt 00:02:12]} Qxd7 {[%clk 01:06:34]}
{[%emt 00:00:16]} 15. Nc4 {[%clk 00:46:06]} {[%emt 00:02:16]} Nb5 {[%clk
00:58:58]} {[%emt 00:08:06]} 16. f4 {[%clk 00:35:49]} {[%emt 00:10:45]} Bd8
{[%clk 00:53:56]} {[%emt 00:05:33]} 17. fxe5 {[%clk 00:32:18]} {[%emt
00:04:01]} dxe5 {[%clk 00:53:59]} {[%emt 00:00:26]} 18. Nxe5 {[%clk 00:31:28]}
{[%emt 00:01:22]} Qd4+ {[%clk 00:50:21]} {[%emt 00:04:07]} 19. Kh1 {[%clk
00:17:49]} {[%emt 00:14:09]} Qxe5 {[%clk 00:50:43]} {[%emt 00:00:08]} 20. g3
{[%clk 00:16:42]} {[%emt 00:01:36]} Bg5 {[%clk 00:46:45]} {[%emt 00:04:30]} 21.
Bxg5 {[%clk 00:12:38]} {[%emt 00:04:33]} Qxg5 {[%clk 00:46:54]} {[%emt
00:00:21]} 22. c3 {[%clk 00:11:54]} {[%emt 00:01:12]} Rbd8 {[%clk 00:39:41]}
{[%emt 00:07:46]} 23. Qe2 {[%clk 00:09:59]} {[%emt 00:02:23]} Rfe8 {[%clk
00:36:31]} {[%emt 00:03:42]} 24. Rf1 {[%clk 00:08:30]} {[%emt 00:01:58]} Qe5
{[%clk 00:32:36]} {[%emt 00:04:25]} 25. Rad1 {[%clk 00:07:47]} {[%emt
00:01:12]} f5 {[%clk 00:32:14]} {[%emt 00:00:53]} 26. Rde1 {[%clk 00:06:06]}
{[%emt 00:02:10]} fxe4 {[%clk 00:31:29]} {[%emt 00:01:16]} 27. Qxe4 {[%clk
00:05:31]} {[%emt 00:01:06]} Qxe4+ {[%clk 00:31:52]} {[%emt 00:00:07]} 28. dxe4
{[%clk 00:05:45]} {[%emt 00:00:16]} Re5 {[%clk 00:31:56]} {[%emt 00:00:25]} 29.
Rf4 {[%clk 00:05:28]} {[%emt 00:00:48]} Rde8 {[%clk 00:32:10]} {[%emt
00:00:16]} 30. Kg2 {[%clk 00:05:42]} {[%emt 00:00:16]} g5 {[%clk 00:32:33]}
{[%emt 00:00:06]} 31. Rff1 {[%clk 00:05:26]} {[%emt 00:00:46]} Rxe4 {[%clk
00:32:58]} {[%emt 00:00:05]} 32. Rxe4 {[%clk 00:05:15]} {[%emt 00:00:41]} Rxe4
{[%clk 00:33:24]} {[%emt 00:00:05]} 33. Rf2 {[%clk 00:05:12]} {[%emt 00:00:31]}
Ra4 {[%clk 00:33:32]} {[%emt 00:00:24]} 34. Rf5 {[%clk 00:05:17]} {[%emt
00:00:25]} h6 {[%clk 00:33:40]} {[%emt 00:00:21]} 35. Rxc5 {[%clk 00:05:28]}
{[%emt 00:00:19]} Ra2 {[%clk 00:33:32]} {[%emt 00:00:38]} 36. c4 {[%clk
00:05:02]} {[%emt 00:00:55]} Rxb2+ {[%clk 00:34:00]} {[%emt 00:00:04]} 37. Kg1
{[%clk 00:04:39]} {[%emt 00:00:53]} Nd6 {[%clk 00:32:02]} {[%emt 00:02:27]} 38.
Rc7 {[%clk 00:04:33]} {[%emt 00:00:35]} Rc2 {[%clk 00:31:56]} {[%emt 00:00:38]}
39. c5 {[%clk 00:04:45]} {[%emt 00:00:17]} Ne4 {[%clk 00:32:20]} {[%emt
00:00:06]} 40. Rxb7 {[%clk 00:04:03]} {[%emt 00:01:12]} Rxc5 {[%clk 00:32:41]}
{[%emt 00:00:10]} 41. Rb6 {[%clk 00:03:09]} {[%emt 00:01:24]} Rxa5 {[%clk
00:32:44]} {[%emt 00:00:26]} 42. Rxh6 {[%clk 00:03:22]} {[%emt 00:00:17]} Kg7
{[%clk 00:32:20]} {[%emt 00:00:54]} 43. Re6 {[%clk 00:03:24]} {[%emt 00:00:25]}
Nf6 {[%clk 00:32:02]} {[%emt 00:00:51]} 44. h3 {[%clk 00:29:15]} {[%emt
00:04:39]} Ra2 {[%clk 01:01:15]} {[%emt 00:01:18]} 45. Re7+ {[%clk 00:28:38]}
{[%emt 00:01:06]} Kg6 {[%clk 01:01:36]} {[%emt 00:00:09]} 46. g4 {[%clk
00:28:21]} {[%emt 00:00:47]} a5 {[%clk 01:01:50]} {[%emt 00:00:16]} 47. Ra7
{[%clk 00:28:32]} {[%emt 00:00:19]} a4 {[%clk 01:02:09]} {[%emt 00:00:12]} 48.
Ra6 {[%clk 00:28:35]} {[%emt 00:00:27]} a3 {[%clk 01:02:24]} {[%emt 00:00:15]}
49. Kf1 {[%clk 00:28:54]} {[%emt 00:00:09]} Ra1+ {[%clk 01:02:49]} {[%emt
00:00:06]} 50. Ke2 {[%clk 00:29:12]} {[%emt 00:00:11]} a2 {[%clk 01:03:05]}
{[%emt 00:00:15]} 51. Kd2 {[%clk 00:29:16]} {[%emt 00:00:26]} Rh1 {[%clk
01:03:28]} {[%emt 00:00:07]} 52. Kc2 {[%clk 00:29:11]} {[%emt 00:00:35]} a1=Q
{[%clk 01:03:51]} {[%emt 00:00:07]} 53. Rxa1 {[%clk 00:29:36]} {[%emt
00:00:05]} Rxa1 {[%clk 01:04:02]} {[%emt 00:00:20]} 54. Kd2 {[%clk 00:29:52]}
{[%emt 00:00:14]} Ra3 {[%clk 01:04:12]} {[%emt 00:00:20]} 55. Ke2 {[%clk
00:30:14]} {[%emt 00:00:08]} Rxh3 {[%clk 01:04:37]} {[%emt 00:00:05]} 56. Kf2
{[%clk 00:30:37]} {[%emt 00:00:06]} Nxg4+ {[%clk 01:05:02]} {[%emt 00:00:06]}
57. Kg2 {[%clk 00:30:58]} {[%emt 00:00:08]} Re3 {[%clk 01:05:20]} {[%emt
00:00:12]} 58. Kf1 {[%clk 00:31:21]} {[%emt 00:00:07]} Kf5 {[%clk 01:05:29]}
{[%emt 00:00:21]} 59. Kg2 {[%clk 00:31:46]} {[%emt 00:00:05]} Kf4 {[%clk
01:05:49]} 0-1

[Event "DEM U12w 2025"]
[Site "Willingen GER"]
[Date "2025.06.11"]
[Round "6"]
[White "Guruprasad, Aditi"]
[Black "Huang, Flora Yueya"]
[Result "0-1"]
[Termination "normal"]
[Board "8"]
[WhiteElo "1495"]
[BlackElo "1652"]
[WhiteClock "00:17:49"]
[BlackClock "01:32:53"]
[PlyCount "118"]
[WhiteFideId "533043280"]
[BlackFideId "533015651"]
[EventCountry "GER"]
[EventRounds "9"]
[EventType "swiss"]
[EventDate "2025.06.07"]

1. d4 {[%clk 01:30:59]} d5 {[%clk 01:30:57]} {[%emt 00:00:04]} 2. Bf4 {[%clk
01:31:14]} {[%emt 00:00:14]} e6 {[%clk 01:30:44]} {[%emt 00:00:44]} 3. Nf3
{[%clk 01:31:13]} {[%emt 00:00:30]} Nf6 {[%clk 01:31:06]} {[%emt 00:00:08]} 4.
e3 {[%clk 01:31:31]} {[%emt 00:00:13]} c5 {[%clk 01:31:29]} {[%emt 00:00:06]}
5. Nbd2 {[%clk 01:31:19]} {[%emt 00:00:42]} Nc6 {[%clk 01:31:45]} {[%emt
00:00:15]} 6. c3 {[%clk 01:31:16]} {[%emt 00:00:33]} b6 {[%clk 01:31:22]}
{[%emt 00:00:53]} 7. Bb5 {[%clk 01:29:53]} {[%emt 00:01:52]} Bd7 {[%clk
01:31:24]} {[%emt 00:00:27]} 8. Bd3 {[%clk 01:28:08]} {[%emt 00:02:15]} Be7
{[%clk 01:28:19]} {[%emt 00:03:36]} 9. h3 {[%clk 01:17:25]} {[%emt 00:11:12]}
O-O {[%clk 01:26:03]} {[%emt 00:02:46]} 10. O-O {[%clk 01:16:19]} {[%emt
00:01:37]} Bc8 {[%clk 01:25:55]} {[%emt 00:00:39]} 11. Ne5 {[%clk 01:09:04]}
{[%emt 00:07:44]} Bb7 {[%clk 01:25:53]} {[%emt 00:00:32]} 12. Ndf3 {[%clk
01:09:03]} {[%emt 00:00:30]} Nxe5 {[%clk 01:25:24]} {[%emt 00:01:00]} 13. Nxe5
{[%clk 01:08:35]} {[%emt 00:00:58]} c4 {[%clk 01:24:49]} {[%emt 00:01:05]} 14.
Bc2 {[%clk 01:08:45]} {[%emt 00:00:20]} b5 {[%clk 01:25:08]} {[%emt 00:00:11]}
15. a3 {[%clk 00:59:22]} {[%emt 00:09:52]} Qb6 {[%clk 01:22:41]} {[%emt
00:02:57]} 16. Bg5 {[%clk 00:58:02]} {[%emt 00:01:51]} Rfe8 {[%clk 01:22:48]}
{[%emt 00:00:23]} 17. Bxf6 {[%clk 00:56:52]} {[%emt 00:01:39]} Bxf6 {[%clk
01:23:12]} {[%emt 00:00:06]} 18. Qh5 {[%clk 00:57:04]} {[%emt 00:00:19]} g6
{[%clk 01:22:13]} {[%emt 00:01:29]} 19. Qg4 {[%clk 00:50:54]} {[%emt 00:06:37]}
Bxe5 {[%clk 01:22:28]} {[%emt 00:00:17]} 20. dxe5 {[%clk 00:51:17]} {[%emt
00:00:07]} a5 {[%clk 01:22:22]} {[%emt 00:00:37]} 21. h4 {[%clk 00:47:35]}
{[%emt 00:04:12]} h5 {[%clk 01:09:51]} {[%emt 00:13:01]} 22. Qg5 {[%clk
00:45:13]} {[%emt 00:02:51]} Qd8 {[%clk 01:08:55]} {[%emt 00:01:26]} 23. Qg3
{[%clk 00:43:58]} {[%emt 00:01:44]} Kg7 {[%clk 01:08:26]} {[%emt 00:01:01]} 24.
Rad1 {[%clk 00:43:40]} {[%emt 00:00:47]} Qe7 {[%clk 01:08:02]} {[%emt
00:00:54]} 25. Rd4 {[%clk 00:42:18]} {[%emt 00:01:52]} Rg8 {[%clk 01:06:25]}
{[%emt 00:02:08]} 26. Rf4 {[%clk 00:40:50]} {[%emt 00:01:55]} Bc6 {[%clk
01:06:40]} {[%emt 00:00:17]} 27. Rf6 {[%clk 00:40:28]} {[%emt 00:00:52]} Be8
{[%clk 01:05:48]} {[%emt 00:01:22]} 28. Qg5 {[%clk 00:38:18]} {[%emt 00:02:40]}
Ra7 {[%clk 01:05:07]} {[%emt 00:01:12]} 29. Rd1 {[%clk 00:36:50]} {[%emt
00:01:58]} b4 {[%clk 01:03:37]} {[%emt 00:02:00]} 30. axb4 {[%clk 00:33:38]}
{[%emt 00:03:42]} axb4 {[%clk 01:04:03]} {[%emt 00:00:04]} 31. Kh2 {[%clk
00:32:52]} {[%emt 00:01:15]} bxc3 {[%clk 01:03:34]} {[%emt 00:01:00]} 32. bxc3
{[%clk 00:29:41]} {[%emt 00:03:41]} Rh8 {[%clk 01:02:12]} {[%emt 00:01:52]} 33.
Rd4 {[%clk 00:20:11]} {[%emt 00:10:00]} Qa3 {[%clk 01:01:50]} {[%emt 00:00:52]}
34. Rff4 {[%clk 00:10:49]} {[%emt 00:09:52]} Qe7 {[%clk 00:57:46]} {[%emt
00:04:33]} 35. Qxe7 {[%clk 00:07:13]} {[%emt 00:04:06]} Rxe7 {[%clk 00:58:12]}
{[%emt 00:00:05]} 36. Rd2 {[%clk 00:05:19]} {[%emt 00:02:23]} Ra7 {[%clk
00:58:30]} {[%emt 00:00:13]} 37. Bb1 {[%clk 00:03:59]} {[%emt 00:01:49]} Ra3
{[%clk 00:58:42]} {[%emt 00:00:18]} 38. Rc2 {[%clk 00:03:58]} {[%emt 00:00:32]}
Ba4 {[%clk 00:58:55]} {[%emt 00:00:16]} 39. Rc1 {[%clk 00:03:38]} {[%emt
00:00:50]} Rb8 {[%clk 00:59:19]} {[%emt 00:00:06]} 40. Bc2 {[%clk 00:00:41]}
{[%emt 00:03:27]} Bxc2 {[%clk 00:59:33]} {[%emt 00:00:17]} 41. Rxc2 {[%clk
00:01:02]} {[%emt 00:00:08]} Rbb3 {[%clk 00:59:58]} {[%emt 00:00:06]} 42. Rd4
{[%clk 00:30:22]} {[%emt 00:01:10]} Rxc3 {[%clk 01:30:21]} {[%emt 00:00:06]}
43. Rdd2 {[%clk 00:30:13]} {[%emt 00:00:39]} Rcb3 {[%clk 01:30:27]} {[%emt
00:00:24]} 44. Rd1 {[%clk 00:29:01]} {[%emt 00:01:42]} Rb8 {[%clk 01:30:47]}
{[%emt 00:00:10]} 45. Rdc1 {[%clk 00:28:30]} {[%emt 00:01:01]} Rba8 {[%clk
01:30:17]} {[%emt 00:01:01]} 46. Kg3 {[%clk 00:24:34]} {[%emt 00:04:26]} Ra2
{[%clk 01:30:41]} {[%emt 00:00:06]} 47. Kf3 {[%clk 00:24:18]} {[%emt 00:00:46]}
Rxc2 {[%clk 01:30:30]} {[%emt 00:00:41]} 48. Rxc2 {[%clk 00:24:42]} {[%emt
00:00:06]} Ra3 {[%clk 01:30:18]} {[%emt 00:00:42]} 49. Ke2 {[%clk 00:23:41]}
{[%emt 00:01:31]} Kh6 {[%clk 01:30:12]} {[%emt 00:00:36]} 50. f4 {[%clk
00:23:12]} {[%emt 00:00:58]} Kg7 {[%clk 01:29:54]} {[%emt 00:00:48]} 51. Kd2
{[%clk 00:21:22]} {[%emt 00:02:21]} Ra1 {[%clk 01:30:19]} {[%emt 00:00:05]} 52.
Rc1 {[%clk 00:20:47]} {[%emt 00:01:05]} Rxc1 {[%clk 01:30:20]} {[%emt
00:00:29]} 53. Kxc1 {[%clk 00:21:12]} {[%emt 00:00:04]} Kf8 {[%clk 01:30:47]}
{[%emt 00:00:02]} 54. Kc2 {[%clk 00:21:02]} {[%emt 00:00:42]} Ke7 {[%clk
01:31:13]} {[%emt 00:00:04]} 55. Kc3 {[%clk 00:20:11]} {[%emt 00:01:20]} Kd7
{[%clk 01:31:40]} {[%emt 00:00:04]} 56. Kd4 {[%clk 00:19:06]} {[%emt 00:01:35]}
Kc6 {[%clk 01:31:51]} {[%emt 00:00:19]} 57. Kc3 {[%clk 00:19:12]} {[%emt
00:00:24]} Kc5 {[%clk 01:32:16]} {[%emt 00:00:05]} 58. g3 {[%clk 00:19:19]}
{[%emt 00:00:22]} Kb5 {[%clk 01:32:33]} {[%emt 00:00:14]} 59. Kc2 {[%clk
00:17:49]} {[%emt 00:02:00]} Kb4 {[%clk 01:32:53]} {[%emt 00:00:10]} 0-1

[Event "DEM U12w 2025"]
[Site "Willingen GER"]
[Date "2025.06.11"]
[Round "6"]
[White "Nönnig, Lotte"]
[Black "Didas, Emma"]
[Result "1-0"]
[Termination "normal"]
[Board "9"]
[WhiteElo "1735"]
[BlackElo "1461"]
[WhiteClock "00:42:00"]
[BlackClock "00:52:58"]
[PlyCount "37"]
[WhiteFideId "34611509"]
[BlackFideId "34681612"]
[EventCountry "GER"]
[EventRounds "9"]
[EventType "swiss"]
[EventDate "2025.06.07"]

1. e4 {[%clk 01:30:54]} {[%emt 00:00:05]} d6 {[%clk 01:30:56]} {[%emt
00:00:04]} 2. d4 {[%clk 01:30:37]} {[%emt 00:00:46]} Nf6 {[%clk 01:31:18]}
{[%emt 00:00:09]} 3. Nc3 {[%clk 01:30:38]} {[%emt 00:00:30]} g6 {[%clk
01:31:41]} {[%emt 00:00:06]} 4. Be3 {[%clk 01:30:24]} {[%emt 00:00:44]} c6
{[%clk 01:31:49]} {[%emt 00:00:23]} 5. f3 {[%clk 01:29:12]} {[%emt 00:01:41]}
Nbd7 {[%clk 01:32:02]} {[%emt 00:00:18]} 6. Qd2 {[%clk 01:27:06]} {[%emt
00:02:34]} Qc7 {[%clk 01:31:23]} {[%emt 00:01:10]} 7. Nge2 {[%clk 01:24:54]}
{[%emt 00:02:42]} b5 {[%clk 01:30:01]} {[%emt 00:01:53]} 8. O-O-O {[%clk
01:21:28]} {[%emt 00:03:56]} Nb6 {[%clk 01:26:40]} {[%emt 00:03:51]} 9. Bf4
{[%clk 01:10:44]} {[%emt 00:11:10]} Nc4 {[%clk 01:20:02]} {[%emt 00:07:11]} 10.
Qd3 {[%clk 01:10:09]} {[%emt 00:01:05]} Nd7 {[%clk 01:12:35]} {[%emt 00:07:57]}
11. d5 {[%clk 01:06:50]} {[%emt 00:03:48]} Bg7 {[%clk 01:03:44]} {[%emt
00:09:22]} 12. dxc6 {[%clk 00:58:47]} {[%emt 00:08:34]} Nc5 {[%clk 01:03:39]}
{[%emt 00:00:35]} 13. Qd5 {[%clk 00:58:52]} {[%emt 00:00:24]} e5 {[%clk
01:03:46]} {[%emt 00:00:23]} 14. Nxb5 {[%clk 00:55:12]} {[%emt 00:04:11]} Qb6
{[%clk 00:59:34]} {[%emt 00:04:37]} 15. Qxc4 {[%clk 00:54:03]} {[%emt
00:01:43]} Be6 {[%clk 00:55:52]} {[%emt 00:04:12]} 16. Nxd6+ {[%clk 00:49:17]}
{[%emt 00:05:17]} Ke7 {[%clk 00:55:16]} {[%emt 00:00:52]} 17. Qc3 {[%clk
00:42:54]} {[%emt 00:07:02]} Na4 {[%clk 00:53:30]} {[%emt 00:02:17]} 18. Qa3
{[%clk 00:42:37]} {[%emt 00:00:50]} Nc5 {[%clk 00:52:58]} {[%emt 00:00:59]} 19.
Be3 {[%clk 00:42:00]} {[%emt 00:01:11]} 1-0

[Event "DEM U12w 2025"]
[Site "Willingen GER"]
[Date "2025.06.11"]
[Round "6"]
[White "Kübart, Ela Marie"]
[Black "Ratushna, Olha"]
[Result "1/2-1/2"]
[Termination "normal"]
[Board "10"]
[WhiteElo "1620"]
[BlackElo "1734"]
[WhiteClock "00:32:35"]
[BlackClock "01:04:36"]
[PlyCount "42"]
[WhiteFideId "34633723"]
[BlackFideId "34172602"]
[EventCountry "GER"]
[EventRounds "9"]
[EventType "swiss"]
[EventDate "2025.06.07"]

1. d4 {[%clk 01:30:59]} Nf6 {[%clk 01:30:52]} {[%emt 00:00:09]} 2. Nf3 {[%clk
01:31:19]} {[%emt 00:00:09]} g6 {[%clk 01:31:10]} {[%emt 00:00:12]} 3. Nbd2
{[%clk 01:31:26]} {[%emt 00:00:23]} Bg7 {[%clk 01:31:21]} {[%emt 00:00:19]} 4.
e4 {[%clk 01:31:22]} {[%emt 00:00:34]} d6 {[%clk 01:31:21]} {[%emt 00:00:31]}
5. Bd3 {[%clk 01:30:41]} {[%emt 00:01:10]} Nbd7 {[%clk 01:31:30]} {[%emt
00:00:22]} 6. O-O {[%clk 01:30:14]} {[%emt 00:00:56]} O-O {[%clk 01:31:49]}
{[%emt 00:00:12]} 7. c3 {[%clk 01:29:35]} {[%emt 00:01:09]} c5 {[%clk
01:31:59]} {[%emt 00:00:20]} 8. Re1 {[%clk 01:28:21]} {[%emt 00:01:42]} b6
{[%clk 01:31:13]} {[%emt 00:01:17]} 9. d5 {[%clk 01:25:53]} {[%emt 00:02:58]}
h5 {[%clk 01:30:20]} {[%emt 00:01:23]} 10. Nf1 {[%clk 01:24:55]} {[%emt
00:01:28]} Nh7 {[%clk 01:29:52]} {[%emt 00:00:57]} 11. Bf4 {[%clk 01:15:20]}
{[%emt 00:10:05]} a6 {[%clk 01:29:11]} {[%emt 00:01:11]} 12. Ng3 {[%clk
01:08:39]} {[%emt 00:07:13]} b5 {[%clk 01:28:10]} {[%emt 00:01:30]} 13. a3
{[%clk 01:07:38]} {[%emt 00:01:32]} c4 {[%clk 01:27:53]} {[%emt 00:00:47]} 14.
Bc2 {[%clk 01:04:46]} {[%emt 00:03:22]} Nc5 {[%clk 01:27:27]} {[%emt 00:00:55]}
15. h3 {[%clk 01:03:47]} {[%emt 00:01:29]} Bd7 {[%clk 01:24:41]} {[%emt
00:03:15]} 16. Be3 {[%clk 00:56:04]} {[%emt 00:08:14]} Qc7 {[%clk 01:23:14]}
{[%emt 00:01:54]} 17. Bd4 {[%clk 00:54:18]} {[%emt 00:02:20]} Bxd4 {[%clk
01:21:24]} {[%emt 00:02:19]} 18. Nxd4 {[%clk 00:48:37]} {[%emt 00:06:10]} a5
{[%clk 01:17:49]} {[%emt 00:04:06]} 19. Qe2 {[%clk 00:43:46]} {[%emt 00:05:21]}
a4 {[%clk 01:11:32]} {[%emt 00:06:48]} 20. f4 {[%clk 00:38:28]} {[%emt
00:05:48]} Nb3 {[%clk 01:10:04]} {[%emt 00:01:57]} 21. Rad1 {[%clk 00:32:35]}
{[%emt 00:06:23]} Nxd4 {[%clk 01:04:36]} {[%emt 00:05:58]} 1/2-1/2

[Event "DEM U12w 2025"]
[Site "Willingen GER"]
[Date "2025.06.11"]
[Round "6"]
[White "Tiuca, Emma"]
[Black "Gubler, Sarah"]
[Result "1-0"]
[Termination "normal"]
[Board "11"]
[WhiteElo "1434"]
[BlackElo "1742"]
[WhiteClock "00:34:01"]
[BlackClock "00:58:07"]
[PlyCount "73"]
[WhiteFideId "4007549"]
[BlackFideId "533040699"]
[EventCountry "GER"]
[EventRounds "9"]
[EventType "swiss"]
[EventDate "2025.06.07"]

1. e4 {[%clk 01:30:55]} {[%emt 00:00:03]} e5 {[%clk 01:30:53]} {[%emt
00:00:10]} 2. Nf3 {[%clk 01:31:13]} {[%emt 00:00:11]} Nc6 {[%clk 01:31:02]}
{[%emt 00:00:22]} 3. Bb5 {[%clk 01:31:23]} {[%emt 00:00:18]} a6 {[%clk
01:31:12]} {[%emt 00:00:21]} 4. Ba4 {[%clk 01:31:36]} {[%emt 00:00:16]} Nf6
{[%clk 01:31:20]} {[%emt 00:00:23]} 5. O-O {[%clk 01:31:37]} {[%emt 00:00:28]}
b5 {[%clk 01:31:35]} {[%emt 00:00:16]} 6. Bb3 {[%clk 01:31:28]} {[%emt
00:00:38]} Bc5 {[%clk 01:31:29]} {[%emt 00:00:37]} 7. Nxe5 {[%clk 01:31:04]}
{[%emt 00:00:52]} Nxe5 {[%clk 01:31:01]} {[%emt 00:01:00]} 8. d4 {[%clk
01:31:09]} {[%emt 00:00:24]} Bb6 {[%clk 01:28:51]} {[%emt 00:02:43]} 9. dxe5
{[%clk 01:30:12]} {[%emt 00:01:25]} Nxe4 {[%clk 01:28:41]} {[%emt 00:00:40]}
10. Qf3 {[%clk 01:29:01]} {[%emt 00:01:36]} O-O {[%clk 01:21:34]} {[%emt
00:07:43]} 11. Qxe4 {[%clk 01:27:53]} {[%emt 00:01:37]} Rb8 {[%clk 01:21:37]}
{[%emt 00:00:27]} 12. Be3 {[%clk 01:24:08]} {[%emt 00:04:09]} Qe7 {[%clk
01:19:00]} {[%emt 00:03:12]} 13. Bxb6 {[%clk 01:21:46]} {[%emt 00:02:53]} Rxb6
{[%clk 01:19:18]} {[%emt 00:00:13]} 14. f4 {[%clk 01:17:13]} {[%emt 00:05:01]}
Bb7 {[%clk 01:18:26]} {[%emt 00:01:23]} 15. Qd3 {[%clk 01:16:09]} {[%emt
00:01:16]} Rg6 {[%clk 01:16:14]} {[%emt 00:03:00]} 16. Rf2 {[%clk 01:12:00]}
{[%emt 00:04:37]} Qc5 {[%clk 01:11:23]} {[%emt 00:05:21]} 17. Kf1 {[%clk
01:08:57]} {[%emt 00:03:34]} Qc6 {[%clk 01:10:54]} {[%emt 00:00:59]} 18. Qe2
{[%clk 01:07:17]} {[%emt 00:02:06]} a5 {[%clk 01:09:57]} {[%emt 00:01:32]} 19.
c3 {[%clk 01:01:11]} {[%emt 00:06:35]} d6 {[%clk 01:08:27]} {[%emt 00:02:01]}
20. f5 {[%clk 00:58:44]} {[%emt 00:02:55]} Rh6 {[%clk 01:08:23]} {[%emt
00:00:36]} 21. Kg1 {[%clk 00:57:19]} {[%emt 00:01:49]} dxe5 {[%clk 01:07:32]}
{[%emt 00:01:27]} 22. Nd2 {[%clk 00:55:36]} {[%emt 00:02:10]} e4 {[%clk
01:06:54]} {[%emt 00:01:11]} 23. a4 {[%clk 00:52:48]} {[%emt 00:03:15]} Re8
{[%clk 01:06:15]} {[%emt 00:01:12]} 24. Qe3 {[%clk 00:49:24]} {[%emt 00:03:47]}
Rd6 {[%clk 01:04:14]} {[%emt 00:02:36]} 25. Bc2 {[%clk 00:44:57]} {[%emt
00:04:59]} Rh6 {[%clk 01:02:31]} {[%emt 00:02:13]} 26. h3 {[%clk 00:43:20]}
{[%emt 00:02:06]} Rh4 {[%clk 01:00:09]} {[%emt 00:02:51]} 27. axb5 {[%clk
00:41:10]} {[%emt 00:02:41]} Qxb5 {[%clk 00:58:45]} {[%emt 00:01:54]} 28. Ba4
{[%clk 00:35:49]} {[%emt 00:05:52]} Qxb2 {[%clk 00:57:56]} {[%emt 00:01:19]}
29. Rb1 {[%clk 00:36:00]} {[%emt 00:00:17]} Qa3 {[%clk 00:58:08]} {[%emt
00:00:17]} 30. Bxe8 {[%clk 00:36:15]} {[%emt 00:00:16]} Bd5 {[%clk 00:58:11]}
{[%emt 00:00:29]} 31. Bd7 {[%clk 00:35:08]} {[%emt 00:01:35]} h6 {[%clk
00:58:05]} {[%emt 00:00:37]} 32. f6 {[%clk 00:34:44]} {[%emt 00:00:54]} g5
{[%clk 00:58:04]} {[%emt 00:00:31]} 33. Qd4 {[%clk 00:33:36]} {[%emt 00:01:34]}
e3 {[%clk 00:58:07]} {[%emt 00:00:32]} 34. Qxe3 {[%clk 00:33:47]} {[%emt
00:00:17]} Qf8 {[%clk 00:58:10]} {[%emt 00:00:29]} 35. Qe7 {[%clk 00:33:23]}
{[%emt 00:00:53]} c6 {[%clk 00:57:39]} {[%emt 00:01:02]} 36. Qxf8+ {[%clk
00:33:42]} {[%emt 00:00:10]} Kxf8 {[%clk 00:58:07]} {[%emt 00:00:03]} 37. Rb8#
{[%clk 00:34:01]} {[%emt 00:00:11]} 1-0